000 00565nam a2200205Ia 4500
008 220216s9999 xx 000 0 und d
100 _aHinchiranan N
245 0 _aCombination of hydrogenation and isomerization of NR using palladium catalyst
260 _bKautschuk Gummi Kunststoffe
_c2008
300 _a246-249
650 _aCatalyst
650 _aCis-trans isomerisation
650 _aHydrogenation
650 _aPalladium
700 _aChittapanyapong O
700 _aPrasassarakich P
700 _aRempel G L
700 _aSaelao W
942 _cJS
999 _c55859
_d55859